Central Library OPAC University of Rajshahi

Probability measures on metric spaces / (Record no. 51494)

MARC details
000 -LEADER
fixed length control field 00765nam a2200253 a 4500
001 - CONTROL NUMBER
control field 51494
003 - CONTROL NUMBER IDENTIFIER
rucl marc code BD-RjUL
005 - DATE AND TIME OF LATEST TRANSACTION
control field 20211209075653.0
008 - FIXED-LENGTH DATA ELEMENTS--GENERAL INFORMATION
fixed length control field 160831s1967 nyu||||| |||| 001 0 eng d
035 ## - SYSTEM CONTROL NUMBER
System control number (BD-RjUL)51614
040 ## - CATALOGING SOURCE
Original cataloging agency BD-RjUL
Language of cataloging eng
Transcribing agency BD-RjUL
041 ## - LANGUAGE CODE
Language code of text/sound track or separate title eng
082 ## - DEWEY DECIMAL CLASSIFICATION NUMBER
Edition number 23
Classification number 519.2
Author mark and year PAP 1967
100 1# - MAIN ENTRY--PERSONAL NAME
Personal name Parthasarathy, K. R.
9 (RLIN) 153971
245 10 - TITLE STATEMENT
Title Probability measures on metric spaces /
Statement of responsibility, etc. K R Parthasarathy
260 ## - PUBLICATION, DISTRIBUTION, ETC. (IMPRINT)
Place of publication, distribution, etc. New York :
Name of publisher, distributor, etc. Academic Press,
Date of publication, distribution, etc. 1967.
300 ## - PHYSICAL DESCRIPTION
Pagination xi, 276 p. ;
Size 24 cm.
490 ## - SERIES STATEMENT
Series statement A series of monographs and textbooks
500 ## - GENERAL NOTE
General note Include index
650 ## - SUBJECT ADDED ENTRY--TOPICAL TERM
Topical term or geographic name as entry element Probability measures.
9 (RLIN) 153972
Topical term or geographic name as entry element Metric spaces.
9 (RLIN) 138258
830 ## - SERIES ADDED ENTRY--UNIFORM TITLE
Uniform title A series of monographs and textbooks
942 ## - ADDED ENTRY ELEMENTS (KOHA)
Source of classification or shelving scheme Dewey Decimal Classification
Koha item type Books
Holdings
Lost status Source of classification or shelving scheme Damaged status Not for loan Collection code Permanent Location Current Location Shelving location Date acquired Source of acquisition Cost, normal purchase price Total Checkouts Full call number Date last seen Copy number Koha item type
  Dewey Decimal Classification     Non-fiction Central Library, University of Rajshahi Central Library, University of Rajshahi   11/12/1968 Zeitlinger 114.00   519.2 PAP 1967 31/08/2016 C-2 Books
  Dewey Decimal Classification     Non-fiction Central Library, University of Rajshahi Central Library, University of Rajshahi   16/07/1985 Tulip 49.50   519.2 PAP 1967 31/08/2016 C-3 Books
  Dewey Decimal Classification     Non-fiction Central Library, University of Rajshahi Central Library, University of Rajshahi   16/07/1985 Tulip 49.50   519.2 PAP 1967 31/08/2016 C-4 Books
  Dewey Decimal Classification     Non-fiction Central Library, University of Rajshahi Central Library, University of Rajshahi   05/01/1972 Zeitlinger 112.00   519.2 PAP 1967 05/10/2016 C-5 Books